00339nam a2200133Ia 4500008004100000020001500041041001200056082001600068100001700084245005700101260003100158300000900189650000700198221030s9999 xx 000 0 und d a8186555250 aEnglish a105.23bMit aG. K. Mithal 0aIntroductory electrical Engineeringcby G. K. Mithal bG. K. PubaNew Delhic1997 a8.10 aEE